Country Names in German Quiz Stats

 Plays Quiz not verified by Sporcle

Also try: 'Y' States Blitz
Challenge
Share
Tweet
Embed
Score 0/15 Timer 04:00
0 Plays Today
German name English name % Correct
DeutschlandGermany
99.5%
FrankreichFrance
95%
NiederlandeNetherlands
93.9%
ÖsterreichAustria
92.2%
SchweizSwitzerland
89.9%
TschadChad
83.2%
GriechenlandGreece
82.5%
NeuseelandNew Zealand
79.2%
German name English name % Correct
LitauenLithuania
78.2%
Vereinigtes KönigreichUnited Kingdom
71.7%
ZypernCyprus
70%
EstlandEstonia
68.3%
WeißrusslandBelarus
66.6%
LettlandLatvia
61.8%
ElfenbeinküsteCôte d'Ivoire (Ivory Coast)
42.1%

You're not logged in!

Compare scores with friends on all Sporcle quizzes.
Join for Free
OR
Log In

You Might Also Like...

Show Comments

Extras

Top Quizzes Today


Score Distribution

Your Account Isn't Verified!

In order to create a playlist on Sporcle, you need to verify the email address you used during registration. Go to your Sporcle Settings to finish the process.

Report this User

Report this user for behavior that violates our Community Guidelines.

Details: